000
00293nam a2200133 4500
008
190122s1985||||xo d
245
1
0
_a
Hospodársky zemepis
250
_a
1. vydanie
260
_b
SPN
_a
Bratislava
_c
1985
020
_c
0
041
1
_a
slo
044
_a
xo
_c
SK
958
_a
APR
999
_c
22009
_d
22009